Score 0/6 Timer 02:00
0 Plays Today
Fact Answer % Correct
Written partially in Ancient Greek, the ______ Stone allows us to translate Egyptian hieroglyphics.Rosetta
87.2%
Greece is home to 130 inhabited islands, the largest being ______ - the 5th largest island in the Mediterranean.Crete
83.6%
Although known for its mythology, Greece's population today is over 90% ______ Orthodox.Eastern
72.6%
The Greek letter ______ is used to denote a very small positive number approaching zero.Epsilon
71.5%
Ancient Greece was home to many famous thinkers, including ______, known as the father of geometry.Euclid
61%
The reign of King ______ I was marked by Greek territorial gains and hosting the first Modern Olympics.George
60.8%

Today's Daily Dose

Remove Ads.
Support Sporcle.
Get the best of Sporcle when you Go Orange. This ad-free experience offers more features, more stats, and more fun while also helping to support Sporcle. Thank you for becoming a member.

You're not logged in!

Compare scores with friends on all Sporcle quizzes.
OR
Log In

Show Comments

Extras

Top Quizzes Today


Score Distribution

Your Account Isn't Verified!

In order to create a playlist on Sporcle, you need to verify the email address you used during registration. Go to your Sporcle Settings to finish the process.

Report this User

Report this user for behavior that violates our Community Guidelines.

Details: